| 000 | 01097nas a2200313 4500 | ||
|---|---|---|---|
| 001 | BR0801139 | ||
| 003 | BR-BrBNA | ||
| 005 | 20231205111643.0 | ||
| 007 | ta | ||
| 008 | 230509b bl.|||p| |||| 00| 00por d | ||
| 040 |
_aBR-BrBNA _bpor _cBiblioteca Nacional de Agricultura |
||
| 041 | _a(Pt) | ||
| 072 | _aL20; F30; F63 | ||
| 100 | 1 | _aMorato, E.F. | |
| 100 | 1 | _aCampos, L.A. de O. | |
| 245 | 1 | _aPartição de recursos florais de espécies de Sida Linnaeus e Malvastrum coromandelianum (Linnaeus)Garcke (Malvaceae)entre Cephalurgus anomalus Moure Oliveira (Hymenoptera, Andrenidae, Panurginae)e Melissoptila cnecomala (Moure)(Hymenoptera, Apidae, Eucerini) | |
| 650 | _aCOMPORTAMENTO ANIMAL | ||
| 650 | _aINSETO POLINIZADOR | ||
| 650 | _aABELHA | ||
| 650 | _aVARIEDADE | ||
| 650 | _aCOLÔNIA | ||
| 650 | _aMALVACEAE | ||
| 650 | _aPOLINIZAÇÃO | ||
| 650 | _aFLORAÇÃO | ||
| 650 | _aSIDA | ||
| 773 | 0 |
_tRevista Brasileira de Zoologia (Brazil) _xISSN 0101-8175 _g(Sep 2000), v. 17(3) p. 705-727 _wBR0801139 |
|
| 909 |
_a202311 _bLúcia _c55 _dLúcia Elande |
||
| 942 |
_2AGRIS _n0 _cANA |
||
| 999 |
_c193766 _d193766 |
||